Pomník padlým v Žitnej Novej Vsi

Bibliographic Details
Format: Article
Language:Slovak
Subjects:

MARC

LEADER 00000nab a22000001a 4500
001 vtls010307898
003 SK-MaSNL
005 20260303191246.0
008 180406d19380615xo |r|p|||| |000 b|slo
015 |a SNBRRBVU1918-1938 
038 |a SNKBUCL 
040 |a SNKBUVU  |b slo  |c SNKBUCL  |e AACR2 
041 0 |a slo 
044 |a xo  |c SK 
080 |a 730.071.1  |2 1997 
080 |a 725.94  |2 1997 
245 0 0 |a Pomník padlým v Žitnej Novej Vsi 
600 1 7 |a Klinda, Koloman  |2 MM  |9 1220460 
648 7 |a 1938  |2 snkbucl  |9 310540 
650 0 7 |a slovenské sochárstvo  |2 MM  |9 3052 
650 0 7 |a pomníky padlým  |2 snkbucl  |9 1099136 
650 0 7 |a prvá svetová vojna (1914-1918)  |2 snkbucl  |9 162650 
651 7 |a Nová Ves nad Žitavou (Slovensko)  |2 MM  |9 113740 
773 0 |t Slovenský ľud  |g Roč. 18, č. 24 (15.6.1938), s. 325 
852 |a SNK  |b KIS3GCP 
958 |a VY 
999 |c 2140355  |d 2142285